000 00292nam a22001217a 4500
008 170726b xxu||||| |||| 00| 0 eng d
041 _aeng
080 _a61
100 _a27
101 _aIM
245 _aLAPLACE AND FOURIER TRANSFORMS FOR ELECTRICAL ENGINEERS
_cCRAIG,E.J
942 _2udc
_cBK
999 _c21962
_d21962